Carta de don esteban de arteaga a don antonio ponz...sobre la filosofia de pindaro, virgilio, /
Guardado en:
| Autor Principal: | |
|---|---|
| Formato: | Libro |
| Publicado: |
Madrid :
Immp. Vda.de Ibarra,
1789
|
| Materias: | |
| Etiquetas: |
Agregar Etiqueta
Sin Etiquetas, Sea el primero en etiquetar este registro!
|
| LEADER | 00564nam a22001575a 4500 | ||
|---|---|---|---|
| 001 | EHU.bham017997 | ||
| 003 | AR-BHAM | ||
| 005 | 20120209144901.0 | ||
| 008 | 130507s1789##################000#0#####d | ||
| 082 | 8 | 6 | |a 866.4 |
| 100 | 1 | |a Arteaga, Esteban De | |
| 245 | 1 | 0 | |a Carta de don esteban de arteaga a don antonio ponz...sobre la filosofia de pindaro, virgilio, / |c Esteban De Arteaga |
| 260 | |a Madrid : |b Immp. Vda.de Ibarra, |c 1789 | ||
| 300 | |a 70 p. | ||
| 653 | |a Genero epistolar espaÑol-1701-1800 | ||
| 859 | |a AR-BHAM |b BIB. HUMANIDADES - Arturo Marasso |h 866.4 |i Ar75 |p 1588.57 |t Ej.1 |v M A | ||
